MDQL
is popping MORE tags! Check the
thread
!
Quizzes
Events
Quiz Creation
Community
Videos
Private Events
Remove Ads
Sign In
Join for FREE
Feedback
Dark Mode
Quiz Categories
Sports
Geography
Music
Movies
Television
Just For Fun
Miscellaneous
History
Literature
Language
Science
Gaming
Entertainment
Religion
Holiday
For Kids
Quiz Lab
Recent
Popular Today
Quiz Kudos Today
Editor Picks
Curator Picks
Quizzes by...
Day
Popularity
Type
Ratings
Length
Year
Community
Subscriptions
Recent Discussions
Orange Saloon
Badges
Playlists
Quests
Create
Leaderboards
Showdown
Live 5
Trivia Bingo
Activity
Puzzle Library
Sporcle Events
Private Events
Virtual Trivia
Globe League
Become a Host
Pub Owners
SporcleCon
Opinionation
Our Games
Videos
Blog
Mobile Apps
Partnerships
Remove Ads and Go Orange
Feedback
History
US Presidents
World Leaders
Politics
Nation
Discovery
War
Decade
Year
Century
Biography
Art
History
US Presidents
World Leaders
Politics
Nation
Discovery
War
Decade
Year
Century
Biography
Art
Random Quiz
Search Sporcle
×
Quiz Lab
Quiz Lab
History
California
Type in answers that appear in a list
Type in answers that appear in a list
Classic
Best Score? Go Orange.
Governors of California Stats
Can you name the Governors of California?
By
john478
10m
38 Questions
310 Plays
310 Plays
310 Plays
Comments
Comments
Give Quiz Kudos
Give Quiz Kudos
-
- Ratings
hide this ad
Replay
Link that replays current quiz
Next Quiz
Link to next quiz in quiz playlist
You Got
0%
They Got
Avg Score
53%
Avg Friend Score
Upgrade to see
Score Distribution
Jump to the score distribution portion of the page
Score
0/38
Timer
10:00
0
Plays Today
Years
Governor
% Correct
1999-
2003
Gray Davis
94.8%
2003-
Present
Arnold Schwarzenegger
93.2%
1967-
1975
Ronald Reagan
92.6%
1975-
1983
Jerry Brown
92.2%
1959-
1967
Pat Brown
91.9%
1991-
1999
Pete Wilson
80.9%
1911-
1917
Hiram Johnson
68.9%
1856-
1858
J. Neeley Johnson
68.6%
1943-
1953
Earl Warren
68%
1983-
1991
George Deukmejian
65%
1862-
1863
Leland Stanford
56.3%
1953-
1959
Goodwin Knight
48.2%
1875
Romualdo Pacheco
46.3%
1939-
1943
Culbert Olson
46%
1934-
1939
Frank Merriam
45%
1867-
1871
Henry Haight
44.3%
1849-
1851
Peter Burnett
44.3%
1923-
1927
Friend Richardson
44.3%
1931-
1934
James Rolph
44%
Years
Governor
% Correct
1858-
1860
John Weller
43%
1860-
1862
John Downey
42.7%
1871-
1875
Newton Booth
42.7%
1917-
1923
William Stephens
42.7%
1927-
1931
C. C. Young
42.7%
1851-
1852
John McDougall
42.4%
1863-
1867
Frederick Low
42.4%
1887
Washington Bartlett
42.4%
1860
Milton Latham
42.1%
1852-
1856
John Bigler
41.7%
1907-
1911
James Gillett
41.7%
1891-
1895
Henry Markham
41.4%
1895-
1899
James Budd
41.4%
1875-
1880
William Irwin
41.1%
1883-
1887
George Stoneman
41.1%
1887-
1891
Robert Waterman
41.1%
1899-
1903
Henry Gage
40.5%
1880-
1883
George Perkins
39.8%
1903-
1907
George Pardee
37.2%
Quiz Playlist
Details
Report
Send in Message
Add To Playlist
Classic:
Type in answers that appear in a list
Quiz Source
Last Updated: Feb 16, 2017
Quiz Scoreboard
CHALLENGE
Sign Up to Join the Scoreboard
Show All
Scores
Hide
Comments
May contain spoilers
Recently Published
Find the 'City' Movie
by crazypaving
Movies
60s
5x2 Blitz: Bands
by SL_Kpop136
Music
30s
Colored Red Africa Blitz
by spor1
Geography
30s
More to Explore
Quiz From the Vault
Featured Blog Post
14 Easter Pick-up Lines to Find Eggs With
hide this ad
You Might Also Like...
Tags
California
Governor
Party
Today's Top Quizzes in History
Browse History
hide this ad
Today's Top Quizzes in California
Browse California
Top Contributed Quizzes in History
1
Popular People in 1991
2
US National Parks Named After People
3
Popular People in 1951
4
Order Up: 1000 Years of World Events I
5
Popular People in 1941
6
Popular People in 1981
7
Popular People in 1986
8
Popular People in 1921
9
Popular People in 1976
10
Magic 10 Blitz: U.S. Presidents
Explore More
Trending Topics
Crossword
Harry Potter
Marvel
Kpop
Anime
NBA
Disney
Song
Puzzle
NFL
Soccer
The Office
Country
Pokémon
WWE
hide this ad
More By:
john478
Quiz
Plays
Rating
Category
Featured
Created
Members of NATO
121,737
4.47
History
Sep 26, 2009
US Attorneys General
8,056
4.38
History
Sep 26, 2009
The World's Most Powerful People
1,718
4.38
History
Nov 12, 2009
US Major Non-NATO Allies
1,157
2.93
History
Oct 4, 2009
Governors of Texas
734
3.40
History
Sep 25, 2009
Go to Creator's Profile
Score Distribution
Quiz Creator Spotlight
john478
Follow
Send a Message
Quizzes Created
-
Created Quiz Play Count
-
More By This Creator
Popular Quizzes Today
1
Colored Red Africa Blitz
2
Find the 'City' Movie
3
Find the US States - No Outlines Minefield
4
5x2 Blitz: Bands
5
The Countries of the World
6
Find the US States
7
US States
8
9x9 Crossword: Cartoon Network
More History Quizzes
I Am Born On February 8th
Quiz Lab
Trending Quizzes
Colored Red Europe Blitz I
Colored Red Europe Blitz II
Colored Red Africa Blitz II
Colored Red Europe Blitz III
Colored Red Africa Blitz III
Recently Updated
Godzilla Movies
pecheneg
Grab Bag: 4-10 Letters
pecheneg
2024 March Madness Bracket
pecheneg
Famous TV Couples
Peacemaker
Champions League XIs: Real Madrid
pecheneg
Largest US Cities 1790-2010
pecheneg
Rides in Walt Disney World
pecheneg
Most Oscar Losses (Acting)
pecheneg
Beyoncé Albums
pecheneg
Leaping Animals
pecheneg
Trending Topics
Kpop
Anime
Crossword
Harry Potter
Disney
NBA
Marvel
Pokémon
WWE
Puzzle
Soccer
Song
NFL
Country
The Office
Your Account Isn't Verified!
In order to create a playlist on Sporcle, you need to verify the email address you used during registration. Go to your
Sporcle Settings
to finish the process.
Report this User
Report this user for behavior that violates our
Community Guidelines
.
Details:
Send Report
Go to the Sporcle.com Mobile Site →
Comments